La última dictadura militar en argentina : entre el pasado y el presente: propuestas para trabajar en el aula /
Guardado en:
| Autor Principal: | |
|---|---|
| Otros Autores: | |
| Formato: | Libro |
| Publicado: |
Rosario :
Homo Sapiens,
2010
|
| Series: | Educación y Memoria
|
| Materias: | |
| Etiquetas: |
Agregar Etiqueta
Sin Etiquetas, Sea el primero en etiquetar este registro!
|
| LEADER | 02433nam a22002655a 4500 | ||
|---|---|---|---|
| 001 | CEM.cems014488 | ||
| 008 | 130507s2010##################000#0#####d | ||
| 005 | 20260406181328.0 | ||
| 245 | 1 | 0 | |a La última dictadura militar en argentina : |b entre el pasado y el presente: propuestas para trabajar en el aula / |c Coordinado Por Sandra Raggio y Samanta Salvatori |
| 260 | |a Rosario : |b Homo Sapiens, |c 2010 | ||
| 300 | |a 312 p. | ||
| 490 | 0 | |a Educación y Memoria | |
| 505 | 0 | |a Los años de la dictadura militar (1976-1983) / Raggio, Sandra -- El surgimiento del movimiento de derechos humanos: el reclamo por Verdad y Justicia (1976-1983) / Béjar, Dolores y Raggio, Sandra -- La educación durante la última dictadura militar / Legarralde, Martín -- Censura cultural y dictadura / Delgado, Verónica , Merbilháa, Margarita , Príncipi, Ana , Rogers, Geraldine , Pujol, Sergio -- Los medios de comunicación y la dictadura (1976-1983) / Gassmann, Carlos -- Cine Argentino y dictadura / Amieva, Mariana , Areseygor, Gabriela , Finkel, Raúl y Salvatori, Samanta -- La última dictadura militar en imágenes -- Memorias de la dictadura (1976-1983) / Raggio, Sandra y Salvatori, Samanta -- Los primeros años de la democracia. Del Nunca Más a los Indultos / Raggio, Sandra y Béjar, María Dolores --- ¿Qué hacer con el pasado? La construcción de la Verdad y la sanción a los responsables / Béjar, María Dolores -- La justicia silenciada (19786-1990) / Béjar, María Dolores y Amieva, Mariana -- Las grietas en la impunidad / Béjar, María Dolores y Amieva, Mariana -- Por el camino de la Justicia / Béjar, María Dolores y Amieva, Mariana -- Contra la impunidad y el olvido (2002-2006) / Jarque, Margarita -- Los medios de comunicación y la memoria del horror (1983-2006) / Gassmann, Carlos -- Literatura y memoria : Delgado, Verónica , Merbilháa, Margarita , Príncipi, Ana y Rogers, Geraldine -- Cine y memoria (1983-2006) / Amieva, Mariana , Arreseyor, Gabriela , Finkel, Raúl y Salvatori, Samanta | |
| 020 | |a 9789508085849 | ||
| 100 | 1 | |a Raggio, Sandra | |
| 700 | 1 | |a Salvatori, Samnta; coord. | |
| 082 | 0 | 4 | |a 323.4 |
| 653 | |a Dictadura | ||
| 653 | |a Dictadura militar | ||
| 653 | |a Historia argentina | ||
| 653 | |a Memoria | ||
| 653 | |a Justicia | ||
| 653 | |a Derechos humanos | ||
| 859 | |a CEMS |b BIB. CEMS - 11 de abril |h 323.4 |i R126-1 |p 27057.14 |t Ej.1 | ||
| 859 | |a CEMS |b BIB. CEMS - 11 de abril |h 323.4 |i R126-1 |p 30678.26 |t Ej.2 | ||
